000 00585nam a2200193 a 4500
001 000024258
005 20200930022844.0
008 110125s1978 |||a r 000 | spa d
020 _a0311043445
040 _aDO-SdBNP
_bspa
_cBNPHU
082 _a226.8
_bJ58F
100 1 _aFuente , Tomás de la
_949800
245 1 0 _aJesús nos habla por medio de sus parábolas /
_cTomás de la Fuente.
260 _a[s.l.] :
_bCasa Bautista de Publicaciones,
_c1978.
300 _a141 p. :
_bil. ;
_c22 cm.
650 4 _aParábolas bíblicas
_922956
650 4 _aParábolas
_949801
049 _aBNGR
999 _c23752
_d23752